| 000 | 00532nam a2200193Ia 4500 | ||
|---|---|---|---|
| 005 | 20250423094753.0 | ||
| 008 | 250422s9999 xx 000 0 und d | ||
| 020 | _a9780323322492 | ||
| 050 | _aRB 145 .R63/ | ||
| 100 | _aRodak, Bernadette F. | ||
| 245 | 0 | _aClinical hematology atlas | |
| 250 | _a5th ed. | ||
| 260 | _aSt. Louis, Missouri | ||
| 260 | _bElsevier | ||
| 260 | _c2017 | ||
| 300 | _a263 p | ||
| 650 | _a Hematologic Diseases--diagnosis--Atlases. Hematologic Diseases--pathology--Atlases. | ||
| 942 | _cBK | ||
| 999 |
_c28244 _d28244 |
||